Geography by Numbers: Countries & Capitals Quiz Stats

 Plays Quiz Updated May 7, 2012

Challenge
Share
Tweet
Embed
Score 0/55 Timer 08:00
1 Play Today
% Correct
Russia
94.6%
United States
94.5%
Canada
93.1%
China
92.8%
Brazil
88.5%
Iran
86.2%
Iraq
85.1%
Australia
83.5%
Saudi Arabia
82.8%
India
82.7%
Oman
77.9%
United Arab Emirates
77.6%
Kuwait
75.7%
Kyiv
73.5%
Panama City
72.7%
Stockholm
71.9%
Qatar
71.7%
Cape Town
70.4%
Lesotho
68.6%
Pretoria
68%
Democratic Republic of Congo
66.6%
Argentina
66.4%
Bahrain
64.4%
Togo
63.9%
San Salvador
63%
Riga
62.3%
Minsk
61.5%
Republic of Congo
59.4%
% Correct
Guatemala City
58.8%
Tallinn
56.7%
Moscow
56%
Zagreb
55.8%
Morocco
55.8%
Samoa
55.7%
Kazakhstan
53.7%
San José
52.9%
Sarajevo
52.8%
Vilnius
52.1%
Tonga
51.9%
Sofia
50.5%
San Marino
50.1%
Tuvalu
49.8%
Managua
48.7%
Tegucigalpa
44%
Burkina Faso
43.3%
Belmopan
43.1%
Tbilisi
43.1%
Baku
42.6%
Yerevan
37.9%
Chisinau
36.9%
Skopje
35.9%
Liechtenstein
34.9%
New Zealand
32.8%
Uzbekistan
30.6%
Bloemfontein
29.3%

You're not logged in!

Compare scores with friends on all Sporcle quizzes.
Join for Free
OR
Log In

You Might Also Like...

Show Comments

Extras

Top Quizzes Today


Score Distribution

Your Account Isn't Verified!

In order to create a playlist on Sporcle, you need to verify the email address you used during registration. Go to your Sporcle Settings to finish the process.

Report this User

Report this user for behavior that violates our Community Guidelines.

Details: